<?xml version="1.0" encoding="UTF-8"?>
<record
    xmlns:xsi="http://www.w3.org/2001/XMLSchema-instance"
    xsi:schemaLocation="http://www.loc.gov/MARC21/slim http://www.loc.gov/standards/marcxml/schema/MARC21slim.xsd"
    xmlns="http://www.loc.gov/MARC21/slim">

  <leader>05792cam a22005654i 4500</leader>
  <controlfield tag="003">PE-LiUPU</controlfield>
  <controlfield tag="005">20250731173112.0</controlfield>
  <controlfield tag="008">190201 2018    miua    r     001 0 eng d</controlfield>
  <datafield tag="020" ind1=" " ind2=" ">
    <subfield code="a">031053822X</subfield>
    <subfield code="q">(volumen 1)</subfield>
  </datafield>
  <datafield tag="020" ind1=" " ind2=" ">
    <subfield code="a">9780310538226</subfield>
    <subfield code="q">(volumen 1)</subfield>
  </datafield>
  <datafield tag="020" ind1=" " ind2=" ">
    <subfield code="a">0310538262</subfield>
    <subfield code="q">(volumen 2)</subfield>
  </datafield>
  <datafield tag="020" ind1=" " ind2=" ">
    <subfield code="a">9780310538264</subfield>
    <subfield code="q">(volumen 2)</subfield>
  </datafield>
  <datafield tag="035" ind1=" " ind2=" ">
    <subfield code="a">(Sirsi) a251251</subfield>
  </datafield>
  <datafield tag="040" ind1=" " ind2=" ">
    <subfield code="a">PE-LiUPU</subfield>
    <subfield code="b">spa</subfield>
    <subfield code="c">PE-LiUPU</subfield>
    <subfield code="e">rda</subfield>
  </datafield>
  <datafield tag="049" ind1=" " ind2=" ">
    <subfield code="a">PRUA</subfield>
  </datafield>
  <datafield tag="082" ind1="0" ind2="4">
    <subfield code="a">251</subfield>
    <subfield code="b">L39</subfield>
    <subfield code="2">23</subfield>
  </datafield>
  <datafield tag="245" ind1="0" ind2="2">
    <subfield code="a">A legacy of preaching /</subfield>
    <subfield code="c">Benjamin K. Forrest,[y otros tres].</subfield>
  </datafield>
  <datafield tag="264" ind1=" " ind2="1">
    <subfield code="a">Grand Rapids :</subfield>
    <subfield code="b">Zondervan,</subfield>
    <subfield code="c">[2018].</subfield>
  </datafield>
  <datafield tag="300" ind1=" " ind2=" ">
    <subfield code="a">2 vol&#xFA;menes :</subfield>
    <subfield code="i">lustraciones ;</subfield>
    <subfield code="c">24 cent&#xED;metros</subfield>
  </datafield>
  <datafield tag="336" ind1=" " ind2=" ">
    <subfield code="a">text</subfield>
    <subfield code="2">rdacontent</subfield>
  </datafield>
  <datafield tag="337" ind1=" " ind2=" ">
    <subfield code="a">unmediated</subfield>
    <subfield code="2">rdamedia</subfield>
  </datafield>
  <datafield tag="338" ind1=" " ind2=" ">
    <subfield code="a">volume</subfield>
    <subfield code="2">rdacarrier</subfield>
  </datafield>
  <datafield tag="504" ind1=" " ind2=" ">
    <subfield code="a">&#xCD;ndice: p&#xE1;ginas 517-527.</subfield>
  </datafield>
  <datafield tag="504" ind1=" " ind2=" ">
    <subfield code="a">&#xCD;ndice: p&#xE1;ginas 553-562.</subfield>
  </datafield>
  <datafield tag="505" ind1="0" ind2=" ">
    <subfield code="a">Volumen I -- Apostles to the revivalists: Preaching in the early church and among the patristic fathers -- Paul: Proclaiming Christ crucified -- Peter: Proclaiming the gospel in the power of the spirit -- Melito of Sardis: Proclaiming Christ the lamb  -- Origen of Alexandria: preaching as spiritual edification -- Ephrem the Syrian: Preaching Christ through poetry and paradox -- Basil of Caesarea: The preacher as the mouthpiece of Christ -- John Chrysostom: Golden-mouthed preacher -- Augustine of Hippo: Agape-driven, Christocentric preaching -- Preaching in the medieval ages --  Gregory the Great: The art of arts as the health of souls -- Bernard of Clairvaus: Preaching to foster a love and devotion to God -- Francis of Assisi: Using words and life to preach the gospel -- Saint Bonaventure: Franciscan friar -- Meister Eckhart: Preaching the inexpressible God -- Johannes Tauler: Preaching repentance and the soul's return to God -- John Huss: Forerunner to the Reformation -- Girolamo Savonarola: Apocalyptic preacher and martyr to opulence -- Preaching among the reformers: Martin Luther: Preaching a theology of the cross -- Ulrich Zwingli: Pastor, patriot, prophet, and Protestant -- Balthasar Hubmaier: Catholic, Evangelical, and Anabaptist preacher -- William Tyndale: Translation for the task of proclamation -- John Calvin: Preaching the glorious Christ -- Preaching among the Puritans -- William Perkins: Prince of Puritan preaching -- Richard Baxter: Preaching as a dying man to dying people -- John Owen: Preaching for the glory of God -- John Bunyan: Preaching the word from the heart to the heart -- Matthew Henry: Exegesis and exposition for the church and the pulpit -- Preaching among the revivalists -- Francois Fenelon: The art of eloquence -- Jonathan Edwards: Preaching the beauty of holiness -- John Wesley: Homiletic theologian -- George Whitefield: Calvinist evangelist.</subfield>
  </datafield>
  <datafield tag="505" ind1="0" ind2=" ">
    <subfield code="a">Volumen 2 -- Enlightenment to the present day -- Nineteenth-century European preaching -- Charles Simeon: preaching that humbles the sinner, exalts the Savior -- Robert Murray M'Cheyne: preaching the love of God in Jesus Christ -- Alexander Maclaren: the art of hermeneutics for the practice of Homilectics -- Catherine Booth: preacher of holiness -- Charles Haddon Spurgeon: The prince of preachers -- Rodney "Gipsy" Smith: forgotten evangelist --  Nineteenth-century North American pearching -- George Liele: former slave and first American Baptist missionary -- Charles Finney: persuading sinners to submit immediately to Crist -- John Gasper: preaching for social and eschatological freedom -- Henry Ward Beecher: preaching action over theology -- John Albert Broadus: carefully expositing the authoritative scriptures -- Phillips Brooks: preaching the personality of the  preacher -- D.L.Moody: first international evangelist -- B.H.Carroll: preaching sermons saturated with scripture -- Billy Sunday: prohibitionist preacher and baseball evangelist -- Twentieth-century European preaching -- Karl Barth: preaching Christ -- Dietrich Bonhoeffer: costly preaching -- D.Martyn Lloyd-Jones: preaching of the word and preacher for the word -- Jhon Stott: preaching that listens to the word and the world -- Twentieth-century north American preaching -- Harry Emeerson Fosdick: prophet of modernity -- R.G.Lee: rhetorical in the pulpit -- Aimee Semple McPherson: preaching to capture the imagination -- W.A.Crisell: expositing the whole counsel of god-from Genesis to revelation -- Gardner C.Taylor: preacher laureate -- Billy Graham: evangelist to the world -- Martin Luther King Jr: preaching a prophetic dream of social justice as kingdom -- Adrian Rogers: Faithfulness to the word of God -- E.V.Hill: preaching God&#xB4;s word for spiritual and social transformation -- Jerry Falwell: preaching dynamic faith -- J.I.Packer: teaching preachers to preach as teachers.</subfield>
  </datafield>
  <datafield tag="526" ind1=" " ind2=" ">
    <subfield code="a">SEG42</subfield>
  </datafield>
  <datafield tag="526" ind1=" " ind2=" ">
    <subfield code="a">SEG41</subfield>
  </datafield>
  <datafield tag="526" ind1=" " ind2=" ">
    <subfield code="a">SEG40</subfield>
  </datafield>
  <datafield tag="526" ind1=" " ind2=" ">
    <subfield code="a">SEG39</subfield>
  </datafield>
  <datafield tag="526" ind1=" " ind2=" ">
    <subfield code="a">P94</subfield>
  </datafield>
  <datafield tag="526" ind1=" " ind2=" ">
    <subfield code="a">P87</subfield>
  </datafield>
  <datafield tag="526" ind1=" " ind2=" ">
    <subfield code="a">P86</subfield>
  </datafield>
  <datafield tag="526" ind1=" " ind2=" ">
    <subfield code="a">P85</subfield>
  </datafield>
  <datafield tag="526" ind1=" " ind2=" ">
    <subfield code="a">P77</subfield>
  </datafield>
  <datafield tag="526" ind1=" " ind2=" ">
    <subfield code="a">P76</subfield>
  </datafield>
  <datafield tag="526" ind1=" " ind2=" ">
    <subfield code="a">P35</subfield>
  </datafield>
  <datafield tag="650" ind1="1" ind2="4">
    <subfield code="a">Predicaci&#xF3;n</subfield>
    <subfield code="x">Historia.</subfield>
  </datafield>
  <datafield tag="650" ind1="1" ind2="4">
    <subfield code="a">Sermones</subfield>
    <subfield code="x">Historia y critica.</subfield>
  </datafield>
  <datafield tag="700" ind1="1" ind2=" ">
    <subfield code="a">Curtis, William J.,</subfield>
    <subfield code="e">editor.</subfield>
  </datafield>
  <datafield tag="700" ind1="1" ind2=" ">
    <subfield code="a">King, Kevin L.,</subfield>
    <subfield code="e">editor.</subfield>
  </datafield>
  <datafield tag="700" ind1="1" ind2=" ">
    <subfield code="a">Milioni, Dwayne,</subfield>
    <subfield code="e">editor.</subfield>
  </datafield>
  <datafield tag="700" ind1="1" ind2=" ">
    <subfield code="a">Forrest, Benjamin K.,</subfield>
    <subfield code="e">editor.</subfield>
  </datafield>
  <datafield tag="910" ind1=" " ind2=" ">
    <subfield code="a">dbm</subfield>
    <subfield code="b">rri</subfield>
    <subfield code="c">rri</subfield>
    <subfield code="d">20190201</subfield>
  </datafield>
  <datafield tag="596" ind1=" " ind2=" ">
    <subfield code="a">1</subfield>
  </datafield>
  <datafield tag="942" ind1=" " ind2=" ">
    <subfield code="2">ddc</subfield>
    <subfield code="c">BOOK</subfield>
  </datafield>
  <datafield tag="999" ind1=" " ind2=" ">
    <subfield code="a">251 L39 Z1</subfield>
    <subfield code="w">DEWEY</subfield>
    <subfield code="c">30675</subfield>
    <subfield code="i">79845</subfield>
    <subfield code="f">2021-11-10</subfield>
    <subfield code="g">4</subfield>
    <subfield code="l">CCODEBUL1</subfield>
    <subfield code="m">BUL</subfield>
    <subfield code="p">29.99</subfield>
    <subfield code="r">0</subfield>
    <subfield code="s">Y</subfield>
    <subfield code="t">BOOK</subfield>
    <subfield code="u">2019-1-2</subfield>
    <subfield code="x">TEOLOGIA</subfield>
    <subfield code="P">P86</subfield>
    <subfield code="0">DONACION</subfield>
    <subfield code="1">FCOMPR2</subfield>
    <subfield code="o">.STAFF. Colecci&#xF3;n Teolog&#xED;a</subfield>
    <subfield code="d">30675</subfield>
  </datafield>
  <datafield tag="999" ind1=" " ind2=" ">
    <subfield code="a">251 L39 Z2</subfield>
    <subfield code="w">DEWEY</subfield>
    <subfield code="c">1</subfield>
    <subfield code="i">79846</subfield>
    <subfield code="f">2021-11-10</subfield>
    <subfield code="g">4</subfield>
    <subfield code="l">CCODEBUL1</subfield>
    <subfield code="m">BUL</subfield>
    <subfield code="p">29.99</subfield>
    <subfield code="r">0</subfield>
    <subfield code="s">Y</subfield>
    <subfield code="t">BOOK</subfield>
    <subfield code="u">2019-1-3</subfield>
    <subfield code="x">TEOLOGIA</subfield>
    <subfield code="P">P85</subfield>
    <subfield code="0">DONACION</subfield>
    <subfield code="1">FCOMPR2</subfield>
    <subfield code="o">.STAFF. Colecci&#xF3;n Teolog&#xED;a</subfield>
  </datafield>
  <datafield tag="980" ind1=" " ind2=" ">
    <subfield code="8">1</subfield>
    <subfield code="g">ALBERTO SANCHEZ Responsable de Automatizaci&#xF3;n</subfield>
  </datafield>
  <datafield tag="952" ind1=" " ind2=" ">
    <subfield code="r">2025-12-03 00:00:00</subfield>
    <subfield code="i">5</subfield>
    <subfield code="l">0</subfield>
    <subfield code="o">251 L39 Z1</subfield>
    <subfield code="p">79845</subfield>
    <subfield code="t">e1</subfield>
    <subfield code="v">34.99</subfield>
    <subfield code="w">2019-01-02</subfield>
    <subfield code="x">PG</subfield>
    <subfield code="y">BK</subfield>
    <subfield code="z">inventario-2023-12-13</subfield>
    <subfield code="1">0</subfield>
    <subfield code="2">ddc</subfield>
    <subfield code="5">0</subfield>
    <subfield code="7">0</subfield>
    <subfield code="8">GEN</subfield>
    <subfield code="f">P86</subfield>
    <subfield code="a">BUL</subfield>
    <subfield code="b">BUL</subfield>
    <subfield code="c">GEN</subfield>
    <subfield code="d">2019-01-02</subfield>
    <subfield code="e">DONACION</subfield>
    <subfield code="g">29.99</subfield>
  </datafield>
  <datafield tag="952" ind1=" " ind2=" ">
    <subfield code="r">2025-12-03 00:00:00</subfield>
    <subfield code="i">5</subfield>
    <subfield code="l">0</subfield>
    <subfield code="o">251 L39 Z2</subfield>
    <subfield code="p">79846</subfield>
    <subfield code="t">e1</subfield>
    <subfield code="v">34.99</subfield>
    <subfield code="w">2019-01-03</subfield>
    <subfield code="x">PG</subfield>
    <subfield code="y">BK</subfield>
    <subfield code="z">inventario-2023-12-13</subfield>
    <subfield code="1">0</subfield>
    <subfield code="2">ddc</subfield>
    <subfield code="5">0</subfield>
    <subfield code="7">0</subfield>
    <subfield code="8">GEN</subfield>
    <subfield code="f">P86</subfield>
    <subfield code="a">BUL</subfield>
    <subfield code="b">BUL</subfield>
    <subfield code="c">GEN</subfield>
    <subfield code="d">2019-01-03</subfield>
    <subfield code="e">DONACION</subfield>
    <subfield code="g">29.99</subfield>
  </datafield>
</record>
